| 000 | 01167nam a22002897a 4500 | ||
|---|---|---|---|
| 003 | OSt | ||
| 005 | 20170518103625.0 | ||
| 008 | 170317b xxu||||| |||| 00| 0 eng d | ||
| 010 | _a 91004033 | ||
| 020 |
_a0151329168 : _c$15.95 |
||
| 040 |
_aMMU _cMMU _dMMU _beng. |
||
| 050 | 0 | 0 |
_aBV4639 _b.L45 1991 |
| 082 | 0 | 0 |
_a241/.4 _220 |
| 100 | 1 |
_aLewis, C. S. _q(Clive Staples), _d1898-1963. |
|
| 245 | 1 | 4 |
_aThe four loves / _cC.S. Lewis. |
| 250 | _a1st ed. | ||
| 260 |
_aNew York : _bHarcourt Brace Jovanovich, _c[1991?], c1960. |
||
| 300 |
_a141 p. ; _c21 cm. |
||
| 440 | 3 | _aAn HBJ modern classic | |
| 500 | _aReprint. Originally published: New York : Harcourt, Brace, 1960. | ||
| 650 | 0 |
_aLove _xReligious aspects _xChristianity. |
|
| 856 | 4 | 2 |
_3Publisher description _uhttp://www.loc.gov/catdir/description/har041/91004033.html |
| 856 | 4 | 2 |
_3Contributor biographical information _uhttp://www.loc.gov/catdir/enhancements/fy1003/91004033-b.html |
| 906 |
_a7 _bcbc _corignew _d1 _eocip _f19 _gy-gencatlg |
||
| 942 |
_2lcc _cLOAN LOAN |
||
| 999 |
_c25175 _d25175 |
||